000 01656ngm a22003250a 4500
001 PT14893
003 AR-LpoUNG
005 20210202000139.0
007 vd cvaizq
008 191001ss.f.||||ag |||||||||||||||||spa d
040 _aAR-LpoUNG
_bspa
_cAR-LpoUNG
_eaacr
041 _aspa
044 _aag
082 0 _a306.01 678tra
245 1 4 _aLos trabajadores comunitarios
260 _aBuenos Aires :
_bSOFOVIAL,
_cs.f..
300 _aVHS (20 min.) : son., col.
520 _aDurante 1990 un conjunto de militantes sociales, instituciones, agrupaciones vecinales, medios comunitarios de comunicación deciden relatar algunas experiencias solidarias en el marco barrial. Emprenden con SOFOVIAL la etapa de registro videográfico, edición conjunta, visionados con debates y todo lo relativo a la producción de un material disparado para el encuentro y la reflexión de un tema tan relevante como es la participación popular. El desarrollo de este trabajo facilitó riquísimas discusiones e intercambios múltiples entre organizaciones que no habían tenido la oportunidad de conocerse. El producto, más allá del propio video, fue el proceso comunicacional desatados entre decenas de trabajadores comunitarios de la región y la fuerza de este encuentro.
650 4 _aACUERDOS CULTURALES
650 4 _aARTE
650 4 _aCULTURA POPULAR
650 4 _aCULTURA TRADICIONAL
650 4 _aSOCIEDAD
650 4 _aSOFOVIAL
653 _aVIDEOS
710 2 _aSociedad de Fomento del Video Alternativo (Buenos Aires)
710 2 _aUniversidad Nacional de General Sarmiento. Instituto del Conurbano
905 _a14893
942 _cVIDEO
999 _c54194
_d54194